000 00411nam a2200169Ia 4500
008 230524s9999 xx 000 0 und d
020 _a818732824X
082 _a4
_bRAJ
100 _aR.Rajaram
245 0 _aBasic Computer Science and Communication Engineering
250 _a2ND
260 _aCHENNAI
_bScitech
_c2003
300 _aX;241
500 _aQuantity Number: 3
650 _aComp-Sc
942 _cBK
999 _c4384
_d4384